00692 2200241 4500001002100000005001500021035002000036007000300056008004100059020001500100082001100115084001700126100001700143245002600160260002600186300003600212500014300248650002100391856001700412990000700429990000700436990000700443INLIS00000000000003520220120113439 a0010-0122000035ta220120 0 ind  a9799417945 a001.43 a001.43 WAH m0 aWahyu Candra1 aMari Bereksperimen 10 aSurabaya :bIC,c2010 a52 hlm :bilus. ;c21 x 29.7 cm aMari bereksperimen adalah seri buku sains yang sangat informatif dan mudah dipahami oleh anak-anak dan remaja. buku ini berjumlah 10 seri. 4aPercobaan Ilmiah aKoleksi Umum a36 a37 a38